Vista normal
Vista MARC
Entrada Autoridad Autor Personal
Número de registros utilizados en: 1
001 - CONTROL NUMBER
- control field: 32799
003 - CONTROL NUMBER IDENTIFIER
- control field: OSt
005 - DATE AND TIME OF LATEST TRANSACTION
- control field: 20231102150001.0
008 - FIXED-LENGTH DATA ELEMENTS
- fixed length control field: 160609|| aca||aabn | a|a d
040 ## - CATALOGING SOURCE
- Original cataloging agency: OSt
- Transcribing agency: OSt
100 ## - HEADING--PERSONAL NAME
- Personal name: Ángeles, Izquierdo Castañeda
- Titles and other words associated with a name: traductor
670 ## - SOURCE DATA FOUND
- Source citation: Work cat.: (OSt)22041: Anderson, John R. autor 40114, Aprendizaje y memoria. Un enfoque integral , 2001